Normal view
MARC view
Entry Personal Name
001 - CONTROL NUMBER
- control field: 8044
003 - CONTROL NUMBER IDENTIFIER
- control field: OSt
005 - DATE AND TIME OF LATEST TRANSACTION
- control field: 20160418183325.0
008 - FIXED-LENGTH DATA ELEMENTS
- fixed length control field: 160418|| aca||aabn | a|a d
040 ## - CATALOGING SOURCE
- Original cataloging agency: OSt
- Transcribing agency: OSt
100 ## - HEADING--PERSONAL NAME
- Personal name: Main, Iain G.,
- Dates associated with a name: 1932-
670 ## - SOURCE DATA FOUND
- Source citation: Work cat.: (OSt)3603: Main, Iain G., 1932-, Vibrations and waves in physics /, 1993.
